[Event "Xtracon Chess Open 2017"]
[Site "Helsingor DEN"]
[Date "2017.07.24"]
[Round "4.213"]
[White "Von Knobloch, Hanno"]
[Black "Gelders, Marte"]
[Result "1-0"]
[WhiteElo "1356"]
[BlackElo "1159"]
[WhiteFideId "12993247"]
[BlackFideId "255513"]
[EventDate "2017.07.22"]

1. e4 e5 2. Nf3 Nc6 3. Bc4 Bc5 4. d3 d6 5. Bg5 Nf6 6. Nc3 Be6 7. Nd5 Bxd5 8.
Bxd5 O-O 9. a3 Rb8 10. c3 a6 11. O-O Ne7 12. Bxf6 gxf6 13. Ba2 d5 14. exd5 Nxd5
15. d4 exd4 16. Nxd4 Bxd4 17. Qxd4 Nb6 18. Qg4+ Kh8 19. Rad1 Qe7 20. Rfe1 Qc5
21. Bb1 h5 22. Qe4 f5 23. Qxf5 Qxf5 24. Bxf5 Nc4 25. Rd4 b5 26. Rh4 Nxb2 27.
Rxh5+ Kg7 28. Bc2 Rfe8 29. Rhe5 Rxe5 30. Rxe5 Nc4 31. Re7 Nxa3 32. Bb3 Nc4 33.
Rxc7 a5 34. g3 a4 35. Bxa4 bxa4 36. Rxc4 a3 37. Ra4 Rb3 38. c4 Kf6 39. h4 Kf5
40. c5 Rb5 41. Rxa3 Rxc5 42. Rf3+ Kg4 43. Kg2 f5 44. Rf4+ Kh5 45. Kh3 Rd5 46. f3
Kg6 47. g4 fxg4+ 48. fxg4 Rd3+ 49. Kg2 Re3 50. Rf3 Re4 51. Kg3 Kg7 52. h5 Kh6
53. Kh4 Kh7 54. Kg5 Re5+ 55. Rf5 Rxf5+ 56. Kxf5 Kg7 57. g5 Kh8 58. Kf6 Kh7 59.
g6+ Kh8 60. h6 Kg8 61. g7 Kh7 62. Kf7 Kxh6 63. g8=Q Kh5 64. Qg3 Kh6 65. Qh4# 1-0

[Event "Xtracon Chess Open 2017"]
[Site "Helsingor DEN"]
[Date "2017.07.24"]
[Round "4.214"]
[White "Mansoor, Areeb"]
[Black "Dahl, Ian"]
[Result "0-1"]
[WhiteElo "1059"]
[BlackElo "1347"]
[WhiteFideId "1535870"]
[BlackFideId "1520210"]
[EventDate "2017.07.22"]

1. e4 e5 2. Nf3 Nc6 3. Nc3 Bc5 4. Bc4 Nge7 5. d3 O-O 6. Bg5 d6 7. Nd5 Be6 8.
Nxe7+ Nxe7 9. Bb3 Qd7 10. O-O f5 11. exf5 Bxb3 12. axb3 Nxf5 13. Bd2 Nd4 14.
Nxd4 Bxd4 15. c3 Bb6 16. Qh5 Rf5 17. Qh4 Raf8 18. Be3 Bxe3 19. fxe3 Qf7 20. Qe1
Rxf1+ 21. Qxf1 Qxb3 22. Qe2 a6 23. Ra3 Qd5 24. Qc2 Qb5 25. c4 Qc5 26. Qd2 Qb6
27. Ra1 Qb3 28. Rf1 Rxf1+ 29. Kxf1 b5 30. cxb5 axb5 31. d4 Qc4+ 32. Ke1 exd4 33.
exd4 Qe6+ 34. Kd1 Qc4 35. Qe3 Qf1+ 36. Kd2 Qxg2+ 37. Kd3 Qg6+ 38. Kd2 Kf7 39.
Qb3+ Qe6 40. Qxb5 Qh6+ 41. Kc3 Qc1+ 42. Kb3 Qd1+ 43. Ka3 Qf3+ 44. Ka4 Qd1+ 45.
Ka3 Qxd4 46. Qd7+ Kf6 47. Qxc7 Qc5+ 48. Qxc5 dxc5 49. Kb3 Ke5 50. Kc4 Kd6 51. b4
cxb4 52. Kxb4 Ke5 53. Kc3 Kf4 54. Kd4 Kg4 55. Ke5 Kh3 56. Kf5 Kxh2 57. Kg5 Kg3
58. Kh5 h6 59. Kg6 Kg4 60. Kxg7 h5 61. Kg6 h4 62. Kg7 h3 63. Kg6 h2 64. Kg7 h1=Q
65. Kf6 Qd5 66. Kg6 Qg5+ 67. Kf7 Qh6 68. Ke7 Qc6 69. Kf7 Kf5 70. Ke7 Qe6+ 71.
Kd8 Qf7 72. Kc8 Ke6 73. Kb8 Kd6 74. Ka8 Kc6 75. Kb8 Qb7# 0-1

[Event "Xtracon Chess Open 2017"]
[Site "Helsingor DEN"]
[Date "2017.07.25"]
[Round "5.1"]
[White "Urkedal, Frode"]
[Black "Sokolov, Ivan"]
[Result "1-0"]
[WhiteTitle "GM"]
[BlackTitle "GM"]
[WhiteElo "2543"]
[BlackElo "2626"]
[WhiteFideId "1506102"]
[BlackFideId "14400030"]
[EventDate "2017.07.22"]

1. d4 Nf6 2. c4 e6 3. Nc3 Bb4 4. Qc2 Nc6 5. Nf3 O-O 6. Bd2 d6 7. a3 Bxc3 8. Bxc3
Re8 9. Rd1 Qe7 10. e3 e5 11. d5 e4 12. dxc6 exf3 13. gxf3 bxc6 14. Rg1 Nh5 15.
Qe4 Rb8 16. Be2 Be6 17. f4 Nf6 18. Rxg7+ Kf8 19. Qg2 1-0

[Event "Xtracon Chess Open 2017"]
[Site "Helsingor DEN"]
[Date "2017.07.25"]
[Round "5.2"]
[White "Saric, Ivan"]
[Black "Vocaturo, Daniele"]
[Result "1/2-1/2"]
[WhiteTitle "GM"]
[BlackTitle "GM"]
[WhiteElo "2621"]
[BlackElo "2592"]
[WhiteFideId "14508150"]
[BlackFideId "813192"]
[EventDate "2017.07.22"]

1. e4 c5 2. Nf3 g6 3. d4 cxd4 4. Qxd4 Nf6 5. Nc3 Nc6 6. Qa4 d6 7. e5 dxe5 8.
Nxe5 Bg7 9. Nxc6 bxc6 10. Qxc6+ Bd7 11. Qa6 O-O 12. Be2 Qc7 13. O-O Ng4 14. g3
Rab8 15. Qa3 Bd4 16. Bxg4 Bxg4 17. Be3 Bxe3 18. fxe3 Be6 19. Rf2 Qe5 20. Qxa7
Rxb2 21. Qd4 Qxd4 22. exd4 Rc8 23. d5 Bd7 24. Rb1 Rxb1+ 25. Nxb1 Bf5 26. Na3 Ra8
27. Nc4 Rxa2 28. Ne3 Be4 29. Rd2 f5 30. Kf2 g5 31. Ke2 f4 32. gxf4 gxf4 33. Rd4
Bxc2 34. Nxc2 Rxc2+ 35. Kf3 Rxh2 36. d6 exd6 37. Rxd6 Rh4 38. Rd7 Kf8 39. Ra7
Kg8 40. Rb7 1/2-1/2

[Event "Xtracon Chess Open 2017"]
[Site "Helsingor DEN"]
[Date "2017.07.25"]
[Round "5.3"]
[White "Schroeder, Jan-Christian"]
[Black "Bosiocic, Marin"]
[Result "0-1"]
[WhiteTitle "GM"]
[BlackTitle "GM"]
[WhiteElo "2539"]
[BlackElo "2616"]
[WhiteFideId "24662259"]
[BlackFideId "14507927"]
[EventDate "2017.07.22"]

1. e4 e5 2. Nf3 Nc6 3. Bc4 Bc5 4. c3 Nf6 5. d3 d6 6. a4 a5 7. O-O O-O 8. Re1 Bb6
9. h3 Ne7 10. Nbd2 Ng6 11. Nf1 c6 12. Bb3 Bc7 13. Ng3 d5 14. Bg5 h6 15. Bxf6
gxf6 16. Nh2 Kh7 17. Qf3 Be6 18. Bc2 d4 19. Ng4 Nf4 20. cxd4 exd4 21. Ne2 Nxe2+
22. Rxe2 f5 23. exf5 Bd5 24. Re4 Qg5 25. h4 Qxh4 26. g3 Qg5 27. Kg2 Rg8 28. Nxh6
Kxh6 29. Rh1+ Kg7 30. f6+ Kf8 31. Rh5 Qd2 32. Rxd5 Rxg3+ 33. Qxg3 Bxg3 0-1

[Event "Xtracon Chess Open 2017"]
[Site "Helsingor DEN"]
[Date "2017.07.25"]
[Round "5.4"]
[White "Vitiugov, Nikita"]
[Black "Timman, Jan H"]
[Result "1-0"]
[WhiteTitle "GM"]
[BlackTitle "GM"]
[WhiteElo "2724"]
[BlackElo "2578"]
[WhiteFideId "4152956"]
[BlackFideId "1000012"]
[EventDate "2017.07.22"]

1. d4 Nf6 2. c4 e6 3. Nf3 b6 4. g3 Ba6 5. b3 Bb4+ 6. Bd2 Be7 7. Nc3 c6 8. e4 d5
9. Bd3 dxc4 10. bxc4 e5 11. Qc2 exd4 12. Ne2 Nbd7 13. O-O Ng4 14. Nexd4 Nge5 15.
Be2 Nxf3+ 16. Nxf3 O-O 17. Rad1 Nc5 18. Bc3 Qe8 19. e5 Ne6 20. Bd3 h6 21. Qe2
Rd8 22. Bc2 Bb7 23. Qe4 g6 24. h4 h5 25. Bd2 Kg7 26. Ng5 Bc8 27. Nxe6+ Bxe6 28.
Qf4 Rh8 29. Bc3 Rxd1 30. Rxd1 b5 31. Rd6 c5 32. cxb5 Qxb5 33. Bd3 c4 34. Bc2 Rf8
35. Qe3 Qb7 36. a4 a5 37. Kh2 Re8 38. Be4 Qb8 39. Qd4 Qc8 40. Bd5 Rf8 41. Bxa5
Bxd5 42. Rxd5 Qc6 43. Bc3 Qe6 44. a5 Ra8 45. Rd7 Kh7 46. Rb7 Bd8 47. a6 1-0

[Event "Xtracon Chess Open 2017"]
[Site "Helsingor DEN"]
[Date "2017.07.25"]
[Round "5.5"]
[White "Goh, Wei Ming Kevin"]
[Black "Jobava, Baadur"]
[Result "0-1"]
[WhiteTitle "IM"]
[BlackTitle "GM"]
[WhiteElo "2446"]
[BlackElo "2714"]
[WhiteFideId "5800706"]
[BlackFideId "13601520"]
[EventDate "2017.07.22"]

1. d4 Nf6 2. Bf4 c5 3. e3 cxd4 4. exd4 Qb6 5. Nc3 a6 6. Qd2 d5 7. O-O-O e6 8.
Bd3 Bd7 9. Qe3 Bb5 10. g4 h6 11. h3 Nc6 12. Nf3 Bxd3 13. Rxd3 Nb4 14. Rdd1 Ne4
15. Kb1 Rc8 16. Nxe4 dxe4 17. Qxe4 Nd5 18. Bd2 Ba3 19. b3 Rc3 20. Ng1 Nf6 21.
Qe5 Qc6 22. d5 Nxd5 23. Qxg7 Rf8 24. Ne2 Rxc2 25. Nd4 Rb2+ 26. Ka1 Qc3 27. Nxe6
Qc2 28. Nc7+ Kd7 0-1

[Event "Xtracon Chess Open 2017"]
[Site "Helsingor DEN"]
[Date "2017.07.25"]
[Round "5.6"]
[White "Sonis, Francesco"]
[Black "Sasikiran, Krishnan"]
[Result "0-1"]
[WhiteTitle "IM"]
[BlackTitle "GM"]
[WhiteElo "2440"]
[BlackElo "2688"]
[WhiteFideId "895733"]
[BlackFideId "5004985"]
[EventDate "2017.07.22"]

1. c4 e5 2. g3 Nc6 3. Bg2 f5 4. Nc3 Nf6 5. d3 Bb4 6. Bd2 O-O 7. Nd5 Bxd2+ 8.
Qxd2 d6 9. Nh3 f4 10. Ng5 h6 11. Nxf6+ Qxf6 12. Ne4 Qg6 13. O-O-O Nd4 14. e3 f3
15. Bf1 Ne2+ 16. Kb1 Bf5 17. Nc3 Nxc3+ 18. Qxc3 c5 19. Ka1 Rac8 20. d4 e4 21. h4
Qe6 22. a3 b6 23. dxc5 dxc5 24. Rd5 Rcd8 25. Qd2 Qc8 26. Qd1 Kh8 27. h5 Be6 28.
Rxd8 Rxd8 29. Qb1 Bf5 30. Ka2 Qe6 31. Qc2 a6 32. Rh4 Bg4 33. Qc1 b5 34. Qc2 a5
35. a4 b4 36. Kb3 Rd6 37. Ka2 Qd7 38. Kb3 Rd2 39. Qxe4 Bf5 40. Qa8+ Kh7 41. Qxa5
Rxb2+ 0-1

[Event "Xtracon Chess Open 2017"]
[Site "Helsingor DEN"]
[Date "2017.07.25"]
[Round "5.7"]
[White "Short, Nigel D"]
[Black "Ikeda, Junta"]
[Result "1-0"]
[WhiteTitle "GM"]
[BlackTitle "IM"]
[WhiteElo "2688"]
[BlackElo "2427"]
[WhiteFideId "400025"]
[BlackFideId "3204731"]
[EventDate "2017.07.22"]

1. e4 e5 2. Nf3 Nf6 3. Nxe5 d6 4. Nf3 Nxe4 5. d4 d5 6. Bd3 Nc6 7. O-O Bg4 8. c4
Nf6 9. Nc3 Be7 10. cxd5 Nxd5 11. Be4 Nf6 12. Bxc6+ bxc6 13. h3 Bxf3 14. Qxf3 Nd5
15. Re1 O-O 16. Nxd5 cxd5 17. Bf4 c6 18. Rac1 Rc8 19. Re2 Bf6 20. Be5 Bxe5 21.
Rxe5 Re8 22. Rce1 Rxe5 23. Rxe5 f6 24. Re3 Qd7 25. Qe2 Kf7 26. Qh5+ Kg8 27. g3
g6 28. Qe2 Kf7 29. Kg2 Rb8 30. h4 h5 31. Qc2 Re8 32. Ra3 Rb8 33. Rc3 Rb6 34. Rc5
Qb7 35. b3 Qe7 36. a3 f5 37. b4 Qe4+ 38. Qxe4 fxe4 39. Ra5 Rb7 40. Ra6 Rc7 41.
f3 Ke6 42. fxe4 dxe4 43. Kf2 Kd5 44. Ke3 Rf7 45. Ra5+ Kc4 46. Kxe4 Kb3 47. Ra6
Rd7 48. Ke5 1-0

[Event "Xtracon Chess Open 2017"]
[Site "Helsingor DEN"]
[Date "2017.07.25"]
[Round "5.8"]
[White "Percivaldi, Martin"]
[Black "Motylev, Alexander"]
[Result "1/2-1/2"]
[WhiteTitle "IM"]
[BlackTitle "GM"]
[WhiteElo "2433"]
[BlackElo "2680"]
[WhiteFideId "1508148"]
[BlackFideId "4121830"]
[EventDate "2017.07.22"]

1. Nf3 d5 2. g3 Bg4 3. Bg2 Nd7 4. h3 Bxf3 5. Bxf3 c6 6. O-O Ngf6 7. d3 e5 8. e4
dxe4 9. dxe4 Bc5 10. Nd2 O-O 11. a4 a5 12. Qe2 Qc7 13. Nc4 b5 14. Na3 b4 15. Nc4
Rfd8 16. Rd1 h6 17. Bd2 Ba7 18. c3 Nc5 19. cxb4 Nb3 20. bxa5 Nxa1 21. Rxa1 Bd4
22. Rc1 Qd7 1/2-1/2

[Event "Xtracon Chess Open 2017"]
[Site "Helsingor DEN"]
[Date "2017.07.25"]
[Round "5.9"]
[White "Hammer, Jon Ludvig"]
[Black "Getz, Nicolai"]
[Result "1/2-1/2"]
[WhiteTitle "GM"]
[BlackTitle "IM"]
[WhiteElo "2628"]
[BlackElo "2415"]
[WhiteFideId "1503707"]
[BlackFideId "1505572"]
[EventDate "2017.07.22"]

1. d4 Nf6 2. c4 g6 3. Nf3 Bg7 4. g3 O-O 5. Bg2 d6 6. O-O Nc6 7. Nc3 a6 8. d5 Na5
9. b3 Rb8 10. Bd2 c5 11. dxc6 Nxc6 12. Rc1 Bf5 13. Nd5 Be4 14. Bc3 Nxd5 15. cxd5
Bxc3 16. dxc6 Qa5 17. Nd4 Bxg2 18. Kxg2 Bxd4 19. c7 Rbc8 20. Qxd4 Qxa2 21. Qb6
Qxe2 22. Rfe1 Qb2 23. Qxb7 a5 24. Qd5 Rfe8 25. h4 h5 26. Rc6 e6 27. Qxd6 Qxb3
28. Qd7 a4 29. Rd1 Qb7 30. Rd3 Qa8 31. Rf3 Rf8 32. Rcc3 Qb7 33. Rc6 Qa8 34. Qd6
Qa5 35. Kh2 Qe1 36. Rcc3 Qe4 37. Rf4 Qa8 38. Qc5 Rfe8 39. Rcf3 Qd5 40. Qxd5 exd5
41. Rxf7 a3 42. Rd7 Ra8 43. Re3 Rf8 44. Ree7 Rxf2+ 45. Kg1 a2 46. Kxf2 Rf8+ 47.
Rf7 Rxf7+ 48. Rxf7 Kxf7 49. c8=Q a1=Q 50. Qd7+ Kf6 51. Qd8+ Kg7 52. Qe7+ Kh6 53.
Qg5+ Kg7 54. Qxd5 1/2-1/2

[Event "Xtracon Chess Open 2017"]
[Site "Helsingor DEN"]
[Date "2017.07.25"]
[Round "5.10"]
[White "Agdestein, Simen"]
[Black "Holm, Kristian Stuvik"]
[Result "1-0"]
[WhiteTitle "GM"]
[BlackTitle "IM"]
[WhiteElo "2604"]
[BlackElo "2403"]
[WhiteFideId "1500015"]
[BlackFideId "1508083"]
[EventDate "2017.07.22"]

1. d4 d5 2. Bf4 Nf6 3. e3 c5 4. c3 Nc6 5. Nd2 e6 6. Bd3 Bd6 7. Bxd6 Qxd6 8. f4
Bd7 9. g3 O-O-O 10. Qe2 Qe7 11. Ngf3 Ng4 12. h3 Nh6 13. g4 f6 14. dxc5 Qxc5 15.
e4 Nf7 16. O-O-O d4 17. Qf2 Qa5 18. Nxd4 Nxd4 19. cxd4 Qxa2 20. Bc4 Qa5 21. Kb1
Kb8 22. f5 Rhe8 23. Qg3+ Ka8 24. Qb3 Qb6 25. Qxb6 axb6 26. Rhe1 Nd6 27. e5 Nxc4
28. Nxc4 exf5 29. Nd6 Re7 30. gxf5 Ba4 31. Rc1 Bc6 32. b4 Kb8 33. b5 Bd5 34. Kb2
g6 35. Rc3 fxe5 36. f6 Rc7 37. dxe5 Be6 38. Rxc7 Kxc7 39. Rc1+ Kd7 40. Nxb7 Ra8
41. Rc6 Bxh3 42. e6+ Bxe6 43. Rd6+ Ke8 44. Rxe6+ Kf7 45. Rxb6 g5 46. Rd6 g4 47.
Nd8+ Kg6 48. f7+ Kg7 49. Rd7 1-0

[Event "Xtracon Chess Open 2017"]
[Site "Helsingor DEN"]
[Date "2017.07.25"]
[Round "5.11"]
[White "Andersen, Mads"]
[Black "Miedema, David"]
[Result "1/2-1/2"]
[WhiteTitle "GM"]
[BlackTitle "IM"]
[WhiteElo "2586"]
[BlackElo "2373"]
[WhiteFideId "1413864"]
[BlackFideId "1018477"]
[EventDate "2017.07.22"]

1. Nf3 Nf6 2. g3 d5 3. Bg2 c5 4. O-O e6 5. c4 d4 6. e3 Nc6 7. exd4 cxd4 8. d3
Bd6 9. Na3 O-O 10. Nc2 e5 11. b4 Nxb4 12. Nxb4 Bxb4 13. Nxe5 Qa5 14. Rb1 Re8 15.
Nf3 Bc3 16. Qc2 Bd7 17. Bd2 Ba4 18. Qc1 Rad8 19. Rxb7 Bc6 20. Rb3 Bxf3 21. Bxc3
dxc3 22. Bxf3 Rxd3 23. Bg2 g6 24. Qc2 Red8 25. Bd5 Rd2 26. Qxc3 Qxc3 27. Rxc3
Nxd5 28. cxd5 R8xd5 29. Ra3 a5 30. f3 h5 31. Rf2 R2d4 32. Kg2 a4 33. Re2 Kg7 34.
Kf2 Kf6 35. f4 Kf5 36. Kg2 Kg4 37. h3+ Kf5 38. Kf3 Rd3+ 39. Re3 Rxa3 40. Rxa3
Rd4 41. Re3 Rd2 1/2-1/2

[Event "Xtracon Chess Open 2017"]
[Site "Helsingor DEN"]
[Date "2017.07.25"]
[Round "5.12"]
[White "Martinovic, Sasa"]
[Black "Rosen, Eric S"]
[Result "0-1"]
[WhiteTitle "GM"]
[BlackTitle "IM"]
[WhiteElo "2570"]
[BlackElo "2369"]
[WhiteFideId "14509792"]
[BlackFideId "2032562"]
[EventDate "2017.07.22"]

1. d4 Nf6 2. c4 e6 3. Nc3 Bb4 4. e3 O-O 5. Bd3 d5 6. cxd5 exd5 7. Ne2 Re8 8. Bd2
Nbd7 9. Rc1 a6 10. Qb3 c5 11. Nxd5 Nxd5 12. Qxd5 Ne5 13. Qb3 Bxd2+ 14. Kxd2 Be6
15. Qa3 cxd4 16. Nxd4 Qg5 17. g3 Rad8 18. f4 Qh6 19. Kc2 Nxd3 20. Kxd3 Bd5 21.
Rhe1 Qxh2 22. Re2 Qxg3 23. Rf1 Bg2 24. Rfe1 Bf3 0-1

[Event "Xtracon Chess Open 2017"]
[Site "Helsingor DEN"]
[Date "2017.07.25"]
[Round "5.13"]
[White "Sunilduth Lyna, Narayanan"]
[Black "Haug, Johannes"]
[Result "1-0"]
[WhiteTitle "GM"]
[BlackTitle "FM"]
[WhiteElo "2564"]
[BlackElo "2328"]
[WhiteFideId "5058422"]
[BlackFideId "1509268"]
[EventDate "2017.07.22"]

1. e4 c6 2. d4 d5 3. e5 Bf5 4. Nf3 e6 5. Be2 Ne7 6. O-O h6 7. c3 Nd7 8. Na3 c5
9. dxc5 Nc6 10. b4 Ndxe5 11. Nxe5 Nxe5 12. Nb5 Nc6 13. Qa4 Qd7 14. Bf4 e5 15.
Rad1 Rc8 16. Bxe5 Nxe5 17. Rxd5 1-0

[Event "Xtracon Chess Open 2017"]
[Site "Helsingor DEN"]
[Date "2017.07.25"]
[Round "5.14"]
[White "Haubro, Martin"]
[Black "Shabalov, Alexander"]
[Result "0-1"]
[WhiteTitle "IM"]
[BlackTitle "GM"]
[WhiteElo "2365"]
[BlackElo "2549"]
[WhiteFideId "1414291"]
[BlackFideId "2008572"]
[EventDate "2017.07.22"]

1. e4 c6 2. d4 d5 3. e5 Bf5 4. h4 c5 5. g4 Bd7 6. dxc5 Nc6 7. Bf4 e6 8. Nf3 Bxc5
9. Bg2 Nh6 10. Bxh6 gxh6 11. Nbd2 f6 12. Nb3 fxe5 13. Qd2 Bf8 14. O-O-O Qc7 15.
g5 O-O-O 16. Bh3 a5 17. a4 Bd6 18. Kb1 Rhf8 19. Qe2 Kb8 20. gxh6 Qb6 21. Ng5 Nb4
22. f3 Bxa4 23. Na1 e4 24. Nxe6 Be5 25. b3 Bb5 26. c4 Bxc4 27. bxc4 Nc2+ 28.
Kxc2 Qb2# 0-1

[Event "Xtracon Chess Open 2017"]
[Site "Helsingor DEN"]
[Date "2017.07.25"]
[Round "5.15"]
[White "Bjerre, Jonas Buhl"]
[Black "Hjartarson, Johann"]
[Result "1/2-1/2"]
[WhiteTitle "FM"]
[BlackTitle "GM"]
[WhiteElo "2330"]
[BlackElo "2541"]
[WhiteFideId "1444948"]
[BlackFideId "2300044"]
[EventDate "2017.07.22"]

1. e4 e5 2. Nf3 Nc6 3. Bc4 Bc5 4. c3 Nf6 5. d3 d6 6. a4 a5 7. Na3 O-O 8. O-O h6
9. Nc2 Ne7 10. Be3 Ng6 11. d4 exd4 12. cxd4 Bb6 13. e5 Ng4 14. Qd3 Nh4 15. Nxh4
Qxh4 16. h3 Nxe3 17. fxe3 Bxh3 18. gxh3 Qg3+ 19. Kh1 Qxh3+ 20. Kg1 Qg3+ 1/2-1/2

[Event "Xtracon Chess Open 2017"]
[Site "Helsingor DEN"]
[Date "2017.07.25"]
[Round "5.16"]
[White "Fossan, Petter"]
[Black "Delorme, Axel"]
[Result "0-1"]
[WhiteTitle "FM"]
[BlackTitle "IM"]
[WhiteElo "2301"]
[BlackElo "2518"]
[WhiteFideId "1500260"]
[BlackFideId "632023"]
[EventDate "2017.07.22"]

1. e4 e5 2. Nf3 Nc6 3. Bc4 Nf6 4. d3 Be7 5. O-O O-O 6. Bb3 d5 7. Qe2 dxe4 8.
dxe4 Nd4 9. Nxd4 Qxd4 10. Nc3 Bg4 11. Qc4 Qxc4 12. Bxc4 Bb4 13. f3 Bxc3 14. bxc3
Bd7 15. Bg5 Rfe8 16. Rfd1 Be6 17. Bb3 a5 18. Rab1 b6 19. a4 Rad8 20. Kf2 Bd7 21.
Rd3 Bc6 22. Rbd1 Rb8 23. Bxf6 gxf6 24. Ra1 Red8 25. Ke3 Rd6 26. Rad1 Rbd8 27. g4
Kf8 28. c4 Ke7 29. Kd2 h5 30. h3 hxg4 31. hxg4 Rh8 32. Kc3 Rh3 33. R1d2 Bd7 34.
Re3 Bxg4 35. c5 Rxd2 36. Kxd2 Rxf3 37. Rxf3 Bxf3 38. Ke3 Bg4 39. c3 f5 0-1

[Event "Xtracon Chess Open 2017"]
[Site "Helsingor DEN"]
[Date "2017.07.25"]
[Round "5.17"]
[White "Vestby-Ellingsen, Mads"]
[Black "Hillarp Persson, Tiger"]
[Result "0-1"]
[BlackTitle "GM"]
[WhiteElo "2175"]
[BlackElo "2509"]
[WhiteFideId "1520857"]
[BlackFideId "1700812"]
[EventDate "2017.07.22"]

1. e4 c5 2. Nf3 d6 3. Bb5+ Nc6 4. O-O Bd7 5. Re1 a6 6. Bf1 Bg4 7. c3 Nf6 8. h3
Bxf3 9. Qxf3 e6 10. d3 Be7 11. Nd2 O-O 12. Qd1 b5 13. Nf3 d5 14. Bf4 Qb6 15.
exd5 Nxd5 16. Bh2 Rfd8 17. Qc2 Bd6 18. Bxd6 Rxd6 19. Rad1 Rad8 20. g3 h6 21. Bg2
Nf6 22. Qe2 Qc7 23. Rd2 b4 24. Rdd1 Nd5 25. Qc2 Qa5 26. Nd2 bxc3 27. Nc4 Nd4 28.
Qc1 Qxa2 29. Nxd6 Rxd6 30. bxc3 Ne2+ 31. Rxe2 Qxe2 32. Rd2 Qe5 33. d4 cxd4 34.
cxd4 Qg5 35. h4 Qd8 36. Qc5 g6 37. Ra2 Kg7 38. Ra4 Qd7 39. Ra1 Nf6 40. Rd1 Nd5
41. Bf3 Qd8 42. Ra1 Ne7 43. Qe5+ Kg8 44. h5 g5 45. Be4 Nc6 46. Bxc6 Rxc6 47. Rb1
Rb6 48. Ra1 Rb5 49. Qe3 a5 50. Qe4 Qd5 51. Qe3 Rb4 52. Rd1 Kg7 53. Qd2 Rc4 54.
Qe3 a4 55. Qd3 Rb4 56. Qc3 Rb3 57. Qc7 a3 58. Qc2 a2 59. Ra1 Qxd4 60. Rxa2 Rxg3+
61. Kf1 Qd3+ 0-1

[Event "Xtracon Chess Open 2017"]
[Site "Helsingor DEN"]
[Date "2017.07.25"]
[Round "5.18"]
[White "Kvon, Andrey"]
[Black "Miskulin, Dennis"]
[Result "1-0"]
[WhiteTitle "IM"]
[WhiteElo "2500"]
[BlackElo "2198"]
[WhiteFideId "14201356"]
[BlackFideId "1705520"]
[EventDate "2017.07.22"]

1. d4 Nf6 2. c4 g6 3. Nc3 Bg7 4. e4 d6 5. Nf3 O-O 6. h3 c5 7. d5 e6 8. Bd3 exd5
9. cxd5 Na6 10. O-O Nc7 11. Re1 Re8 12. a4 Nd7 13. Nb1 Na6 14. Ra3 Nb4 15. Bf1
Ne5 16. Nxe5 Bxe5 17. Nd2 f5 18. Bb5 Rf8 19. Nf3 Bf6 20. e5 dxe5 21. Nxe5 Kg7
22. Rg3 Qxd5 23. Nxg6 1-0

[Event "Xtracon Chess Open 2017"]
[Site "Helsingor DEN"]
[Date "2017.07.25"]
[Round "5.19"]
[White "Christiansen, Johan-Sebastian"]
[Black "Hartung-Nielsen, Jens"]
[Result "1-0"]
[WhiteTitle "IM"]
[WhiteElo "2471"]
[BlackElo "2175"]
[WhiteFideId "1512668"]
[BlackFideId "1400690"]
[EventDate "2017.07.22"]

1. e4 c5 2. Nf3 g6 3. d4 cxd4 4. Qxd4 Nf6 5. Nc3 Nc6 6. Qa4 d6 7. e5 dxe5 8.
Nxe5 Bd7 9. Nxd7 Qxd7 10. Be3 Bg7 11. Rd1 Qg4 12. Qb3 Qb4 13. Be2 O-O 14. Bf3
Qxb3 15. cxb3 Rfd8 16. Ke2 Kf8 17. Na4 Rdc8 18. g4 Ne8 19. h4 Nd6 20. Bc5 Be5
21. h5 Nd8 22. hxg6 hxg6 23. Bd5 Rc7 24. Be3 Rac8 25. f4 Bg7 26. Rd2 b6 27. Nc3
N8b7 28. Bf3 f5 29. Bf2 e6 30. Rg1 Bf6 31. gxf5 gxf5 32. Rg6 Ne8 33. Nb5 Rh7 34.
Nxa7 Rc1 35. Bxb6 Nc5 36. Bxc5+ Rxc5 37. Nc6 Rh2+ 38. Rg2 Rh4 39. b4 Rc1 40. b5
Rxf4 41. b6 1-0

[Event "Xtracon Chess Open 2017"]
[Site "Helsingor DEN"]
[Date "2017.07.25"]
[Round "5.20"]
[White "Christensen, Thomas2"]
[Black "Grigoriants, Sergey"]
[Result "0-1"]
[BlackTitle "GM"]
[WhiteElo "2229"]
[BlackElo "2566"]
[WhiteFideId "1407635"]
[BlackFideId "4130804"]
[EventDate "2017.07.22"]

1. e4 c5 2. Nc3 Nc6 3. Bb5 Nd4 4. Nf3 g6 5. Nxd4 cxd4 6. Ne2 Bg7 7. O-O a6 8.
Bd3 d5 9. exd5 Qxd5 10. b3 Bd7 11. a4 Bc6 12. f3 Nf6 13. Bb2 Nd7 14. Be4 Qd6 15.
Ba3 Qc7 16. Ng3 Bxe4 17. Nxe4 Nf6 18. Qe2 O-O 19. Qc4 Rac8 20. Rab1 Rfd8 21.
Rfc1 Nd5 22. Qd3 Qb6 23. g3 Rc6 24. Kg2 e6 25. b4 Qc7 26. a5 Nf6 27. b5 axb5 28.
Rxb5 Nxe4 29. fxe4 Rc8 30. Qb3 h5 31. Rb6 Rxb6 32. axb6 Qc6 33. d3 Bh6 34. Rf1
Qxc2+ 35. Qxc2 Rxc2+ 36. Kh3 g5 37. g4 Rc3 38. Bd6 Rxd3+ 39. Kg2 hxg4 40. Ra1
Rb3 41. Bc7 d3 42. Kf2 Bg7 43. Ke3 Bxa1 0-1

[Event "Xtracon Chess Open 2017"]
[Site "Helsingor DEN"]
[Date "2017.07.25"]
[Round "5.21"]
[White "Jaksland, Tim"]
[Black "Rasmussen, Allan Stig"]
[Result "0-1"]
[WhiteTitle "FM"]
[BlackTitle "GM"]
[WhiteElo "2227"]
[BlackElo "2540"]
[WhiteFideId "1401084"]
[BlackFideId "1406000"]
[EventDate "2017.07.22"]

1. c4 e5 2. Nc3 Nc6 3. Nf3 f5 4. d4 e4 5. Ng5 Be7 6. h4 Nf6 7. e3 O-O 8. Be2 Ne8
9. Nh3 Bxh4 10. c5 g6 11. b4 d5 12. Qb3 Be6 13. Nf4 Bf7 14. Nfxd5 a5 15. Ba3
axb4 16. Bxb4 f4 17. g3 fxg3 18. fxg3 Bxg3+ 19. Kd2 Qg5 20. Nxe4 Qxd5 21. Nxg3
Qxh1 22. Qxf7+ Kxf7 0-1

[Event "Xtracon Chess Open 2017"]
[Site "Helsingor DEN"]
[Date "2017.07.25"]
[Round "5.22"]
[White "Kollars, Dmitrij"]
[Black "Thogersen, Rasmus"]
[Result "1-0"]
[WhiteTitle "IM"]
[WhiteElo "2510"]
[BlackElo "2222"]
[WhiteFideId "12909572"]
[BlackFideId "1431412"]
[EventDate "2017.07.22"]

1. e4 c5 2. Nc3 a6 3. g3 b5 4. Bg2 Bb7 5. d3 e6 6. f4 d5 7. f5 d4 8. fxe6 dxc3
9. exf7+ Kxf7 10. bxc3 Be7 11. Nf3 g6 12. O-O Kg7 13. d4 Nd7 14. d5 Nb6 15. Bf4
Nc4 16. Nd2 Nb6 17. c4 Nf6 18. d6 Bxd6 19. e5 Be7 20. Bxb7 Ra7 21. exf6+ Bxf6
22. Bc6 Qd4+ 23. Kh1 g5 24. Ne4 gxf4 25. Qg4+ Kf8 26. Rad1 1-0